000
00507nam a2200181Ia 4500
008
090124s9999 xx 000 0 und d
082
_b
118032
100
_a
आठल्ये अ.त्र्य.
245
_a
सुप्रभात
250
_a
1
260
_c
1979
300
_a
153
600
_a
आठल्ये अ.त्र्य.
630
_a
सुप्रभात
700
_a
आठल्ये अ.त्र्य.
730
_a
सुप्रभात
942
_c
BOOK
999
_c
164119
_d
164119